| 000 | 00540nam a22002057a 4500 | ||
|---|---|---|---|
| 003 | OSt | ||
| 005 | 20140310182232.0 | ||
| 008 | 121114t xxu||||| |||| 00| 0 eng d | ||
| 020 | _a044017449x | ||
| 020 | _a710090019517449 | ||
| 050 |
_aPR 6066 _b.St929 1984 |
||
| 082 |
_aFIC _bSt9r 1984 |
||
| 100 |
_aStuart, Jan _918247 |
||
| 245 |
_aA risk worth taking / _cJan Stuart. |
||
| 260 |
_aNew York : _bDell Publishing Co., Inc., _c1984. |
||
| 300 |
_a187 p. ; _c20 cm. |
||
| 650 |
_aFiction _9746 |
||
| 942 |
_2lcc _cBK-FIC |
||
| 999 |
_c10923 _d10923 |
||